HYBE Groups - Statistics

General Stats
  • This quiz has been taken 109 times
    96 since last reset
  • The average score is 58 of 87
Answer Stats
Hint Answer % Correct
Katseye Dani
95%
Seventeen Jun
94%
BTS Jungkook
92%
BTS Jimin
91%
BTS V
91%
ILLIT Wonhee
91%
NJZ Danielle
89%
Katseye Lara
89%
Katseye Manon
89%
BTS RM
89%
BTS J-Hope
88%
Katseye Yoonchae
88%
NJZ Hanni
86%
ILLIT Iroha
86%
BTS Jin
86%
Katseye Megan
86%
Katseye Sophia
86%
BTS Suga
86%
LE SSERAFIM Eunchae
85%
NJZ Haerin
83%
NJZ Hyein
83%
Enhypen Jay
83%
ILLIT Minju
83%
NJZ Minji
82%
TXT Soobin
82%
BoyNextDoor Sungho
82%
TXT Yeonjun
82%
LE SSERAFIM Yunjin
82%
LE SSERAFIM Chaewon
80%
TXT Beomgyu
80%
LSRFM (formerly) Garam
80%
Enhypen Heeseung
80%
Enhypen Jake
80%
ILLIT Moka
80%
Enhypen Ni-ki
80%
LE SSERAFIM Sakura
80%
Enhypen Sunghoon
80%
Enhypen Sunoo
80%
ILLIT Yunah
80%
TXT Huening Kai
78%
Enhypen Jungwon
78%
LE SSERAFIM Kazuha
78%
CORTIS James
77%
CORTIS Martin
77%
TXT Taehyun
77%
Seventeen DK
69%
Seventeen Joshua
69%
ILLIT (formerly) Youngseo
69%
Seventeen Vernon
68%
Seventeen Jeonghan
66%
Seventeen Mingyu
66%
Seventeen S.Coups
66%
Seventeen Seungkwan
66%
Seventeen The8
66%
Seventeen Dino
65%
BoyNextDoor Jaehyun
65%
Seventeen Hoshi
63%
Seventeen Wonwoo
63%
Seventeen Woozi
63%
BoyNextDoor Taesan
62%
BoyNextDoor Woonhak
62%
BoyNextDoor Leehan
60%
CORTIS Juhoon
58%
CORTIS Keonho
58%
BoyNextDoor Riwoo
55%
TWS Shinyu
52%
TWS Jihoon
51%
TWS Kyungmin
49%
CORTIS Seonghyeon
49%
TWS Dohoon
48%
TWS Hanjin
45%
Gfriend Eunha
37%
Gfriend Umji
35%
Fromis_9 Jiwon
34%
Fromis_9 Chaeyoung
32%
Fromis_9 (formerly) Gyuri
32%
Fromis_9 Saerom
32%
Gfriend SinB
32%
Gfriend Yuju
31%
Gfriend Yerin
28%
Fromis_9 Hayoung
26%
Fromis_9 Jiheon
26%
Fromis_9 Nagyung
26%
Fromis_9 Seoyeon
26%
Gfriend Sowon
26%
Fromis_9 Jisun
25%
TWS Yeongjae
9%
No matching quizzes found
Score Distribution
Percent of People with Each Score
Percentile by Number Answered
Your Score History
You have not taken this quiz since the last reset